1551 1682 1170 1142 1223 1460 1994 1271 1489 1479 1124 1134 1095 1526 1438 1528 1992 1334 1745 1497 1997 1922 1487 1061 1166 1420 1092 1034 1036 1198 1811 1464 1936 1965 1274 1647 1418 1260 1762 1882 1862 1219 1857 1141 1815 1368 1064 1427 1631 1680 1853 1175 1897 1176 1758 1586 1359 1573 1058 1109 1053 1498 1310 1118 1316 1847 1126 1439 1458 1680 1674 1835 1070 1249 1121 1001 1837 1293 1424 1088 1210 1910 1957 1359 1965 1629 1305 1671 1871 1504 1278 1166 1004 1262 1872 1169 1284 1419 1428 BCNSPRNW ULIB Ver.6.0+V

เปลี่ยนเป็นภาษาไทย

Change to English
 แสดงรายละเอียดบรรณานุกรม
  กลับหน้าหลัก

Brief Record : Get Marc (ISO 2709) : E-mail record : QR code < ปิดหน้าต่าง
LEADER : 00000nam 2200000uu 4500
001    13399110605
003     ULIB
008    110603s2549||||th 000 0 tha d
020    9741333145
050  4 QC21.2^bฟ459
100 0  คณาจารย์ภาควิชาฟิสิกส์ คณะวิทยาศาสตร์ จุฬาลงกรณ์มหาวิทยาลัย
245 00 ฟิสิกส์ 2 /^cเขียนโดย คณาจารย์ภาควิชาฟิสิกส์ คณะวิทยาศาสตร์ จุฬาลงกรณ์มหาวิทยาลัย
250    พิมพ์ครั้งที่ 10
260    กรุงเทพฯ :^bสำนักพิมพ์แห่งจุฬาลงกรณ์มหาวิทยาลัย,^c2549
650  0 ฟิสิกส์
856    กัณชพร
945    ^p180^l0^i14097
945    ^p180^l0^i14096
999 ^a ใช้งานได้ทุกระบบ
รายการนี้ยังไม่มีแท็ก
คุณยังไม่ได้ล็อกอิน คุณสามารถมีกิจกรรมร่วมกับเว็บไซต์ได้ แต่ต้องล็อกอินก่อน ::
  ล็อกอิน

รายการสื่อสารสนเทศ

ลำดับที่ ประเภท เลขเรียก/บาร์โค้ด สถานที่ สถานะ
- ไม่พบข้อมูล -

รายการใกล้เคียง
    ผู้แต่ง [คณาจารย์ภาควิชาฟิสิกส์ คณะวิทยาศาสตร์ จุฬาลงกรณ์มหาวิทยาลัย]

    หัวเรื่อง [ฟิสิกส์]

BibComment


ยังไม่เคยถูกคอมเมนท์

คอมเมนท์ทรัพยากรรายการนี้
  คอมเมนท์: ฟิสิกส์ 2 เขียนโ..


 Copyright 2026. Bcnsprnw @Library